00309nam a22001097a 4500008004100000082001300041110000700054245008300061260002300144300000900167440002300176230620b xxu||||| |||| 00| 0 eng d a323bUNI bUN aHuman Rights bA Compilation of International InstrumentscVolume 1 (2nd part) aNew yorkbUNc1993 a946p vvolume 2x02552353